cassava production in samlot district, battam bang province,ផលិតកម្មដំណាំដំឡូងមី នៅស្រុកសំឡូត ខេត្តបាត់ដំបង (Record no. 19240)
[ view plain ]
| 000 -LEADER | |
|---|---|
| fixed length control field | 00588nam a22001577a 4500 |
| 003 - CONTROL NUMBER IDENTIFIER | |
| control field | LRUA |
| 005 - DATE AND TIME OF LATEST TRANSACTION | |
| control field | 20200706103326.0 |
| 008 - FIXED-LENGTH DATA ELEMENTS--GENERAL INFORMATION | |
| fixed length control field | 200706b xxu||||| |||| 00| 0 eng d |
| 040 ## - CATALOGING SOURCE | |
| Transcribing agency | RUA |
| 082 ## - DEWEY DECIMAL CLASSIFICATION NUMBER | |
| Classification number | MGR LON 2017 B469 Or.1 |
| 100 ## - MAIN ENTRY--PERSONAL NAME | |
| 9 (RLIN) | 14265 |
| Personal name | LONG PROS ,ឡុង ប្រុស |
| 245 ## - TITLE STATEMENT | |
| Title | cassava production in samlot district, battam bang province,ផលិតកម្មដំណាំដំឡូងមី នៅស្រុកសំឡូត ខេត្តបាត់ដំបង |
| 260 ## - PUBLICATION, DISTRIBUTION, ETC. (IMPRINT) | |
| Place of publication, distribution, etc. | RUA |
| Name of publisher, distributor, etc. | phnom penh |
| Date of publication, distribution, etc. | 2017 |
| 300 ## - PHYSICAL DESCRIPTION | |
| Extent | xii;45p; |
| Other physical details | ill; |
| Dimensions | 29cm; |
| 942 ## - ADDED ENTRY ELEMENTS (KOHA) | |
| Source of classification or shelving scheme | |
| Koha item type | MGR |
| Price effective from | Date last seen | Permanent Location | Not for loan | Date acquired | Source of classification or shelving scheme | Koha item type | Lost status | Withdrawn status | Total Renewals | Date last checked out | Total Checkouts | Shelving location | Damaged status | Barcode | Current Location | Full call number |
|---|---|---|---|---|---|---|---|---|---|---|---|---|---|---|---|---|
| 2020-07-06 | 2020-07-06 | Library Block B | 2020-07-06 | MGR | B469 | A43564 | Library Block B | MGR LON 2017 B469 Or.1 | ||||||||
| 2020-07-06 | 2020-07-06 | Library Block B | 2020-07-06 | MGR | B469 | A42381 | Library Block B | MGR LON 2017 B469 Or.2 | ||||||||
| 2020-07-06 | 2020-07-06 | Library Block B | 2020-07-06 | MGR | B469 | A42184 | Library Block B | MGR LON 2017 B469 Or.3 | ||||||||
| 2020-07-06 | 2022-07-13 | Library Block B | 2020-07-06 | MGR | 2022-06-27 | 1 | B469 | A42576 | Library Block B | MGR LON 2017 B469 Or.4 | ||||||
| 2020-07-06 | 2025-01-15 | Library Block B | 2020-07-06 | MGR | 1 | 2024-12-11 | 2 | B469 | A43184 | Library Block B | MGR LON 2017 B469 Or.5 | |||||
| 2020-07-06 | 2024-12-20 | Library Block B | 2020-07-06 | MGR | 1 | 2024-11-05 | 1 | B469 | A43339 | Library Block B | MGR LON 2017 B469 Or.6 |